[Event "Hoogeveen op 26th"]
[Site "Hoogeveen"]
[Date "2023.10.28"]
[Round "9"]
[White "Vogel, Jaap"]
[Black "Hoffman, Ron"]
[Result "1/2-1/2"]
[WhiteElo "2106"]
[BlackElo "2032"]
[PlyCount "20"]
[EventDate "2023.10.21"]
[EventType "swiss"]
[EventRounds "9"]
[EventCountry "NED"]
[SourceTitle "Mega2024 Update 01"]
[Source "Chessbase"]
[SourceDate "2023.11.12"]
[SourceVersion "1"]
[SourceVersionDate "2023.11.12"]
[SourceQuality "1"]

1. d4 Nf6 2. Nf3 b6 3. c4 Bb7 4. Nc3 e6 5. a3 Ne4 6. Qc2 Nxc3 7. Qxc3 Be7 8. Bf4 0-0 9. Rd1 a5 10. Qc2 d6 1/2-1/2

[Event "Hoogeveen op 26th"]
[Site "Hoogeveen"]
[Date "2023.10.23"]
[Round "3"]
[White "Elgersma, Onno"]
[Black "Hoffman, Ron"]
[Result "1-0"]
[WhiteElo "2266"]
[BlackElo "2032"]
[PlyCount "77"]
[EventDate "2023.10.21"]
[EventType "swiss"]
[EventRounds "9"]
[EventCountry "NED"]
[SourceTitle "Mega2024 Update 01"]
[Source "Chessbase"]
[SourceDate "2023.11.12"]
[SourceVersion "1"]
[SourceVersionDate "2023.11.12"]
[SourceQuality "1"]

1. e4 c5 2. Nf3 a6 3. c4 Nc6 4. Nc3 e5 5. g3 d6 6. Bg2 g6 7. d3 Bg7 8. Bg5 f6 9. Bd2 Nge7 10. a3 0-0 11. 0-0 Nd4 12. Nxd4 cxd4 13. Nd5 Nxd5 14. cxd5 f5 15. f4 fxe4 16. dxe4 Bd7 17. Qb3 Bh6 18. a4 b5 19. Qa3 Rf6 20. Rad1 Bg4 21. Rde1 Rc8 22. axb5 axb5 23. Qd3 Qb6 24. h3 Bd7 25. fxe5 Rxf1+ 26. Rxf1 Bxd2 27. Qxd2 dxe5 28. Qf2 Qd6 29. Qf7+ Kh8 30. Rf6 Qc7 31. Qe7 Qd8 32. Qxe5 Kg8 33. Qxd4 Rc4 34. Qf2 Qc8 35. Kh2 Rc2 36. Rf8+ Qxf8 37. Qxc2 Qd6 38. Qc3 b4 39. Qd4 1-0

[Event "Hoogeveen op 26th"]
[Site "Hoogeveen"]
[Date "2023.10.22"]
[Round "2"]
[White "Hoffman, Ron"]
[Black "Boeren, Jurriaan"]
[Result "1-0"]
[WhiteElo "2032"]
[BlackElo "2120"]
[PlyCount "65"]
[EventDate "2023.10.21"]
[EventType "swiss"]
[EventRounds "9"]
[EventCountry "NED"]
[SourceTitle "Mega2024 Update 01"]
[Source "Chessbase"]
[SourceDate "2023.11.12"]
[SourceVersion "1"]
[SourceVersionDate "2023.11.12"]
[SourceQuality "1"]

1. c4 e5 2. g3 Nf6 3. Bg2 d5 4. cxd5 Nxd5 5. Nf3 Nc6 6. Nc3 Nb6 7. 0-0 Be7 8. d3 0-0 9. a3 Be6 10. Be3 f6 11. Rc1 Qd7 12. Ne4 Nd5 13. Bc5 b6 14. Bxe7 Ncxe7 15. d4 Bf5 16. Ned2 e4 17. Nh4 e3 18. fxe3 Be6 19. Nc4 g5 20. e4 gxh4 21. exd5 Bxd5 22. e4 Bb7 23. d5 hxg3 24. hxg3 Ng6 25. Qh5 Ba6 26. Bh3 Qg7 27. Be6+ Kh8 28. Ne3 Ne5 29. Nf5 Qg6 30. Qh4 Bxf1 31. Kxf1 Rac8 32. Bxc8 Rxc8 33. Ne7 1-0

[Event "Hoogeveen op 26th"]
[Site "Hoogeveen"]
[Date "2023.10.21"]
[Round "1"]
[White "Van Dael, Siem"]
[Black "Hoffman, Ron"]
[Result "1-0"]
[WhiteElo "2321"]
[BlackElo "2032"]
[PlyCount "139"]
[EventDate "2023.10.21"]
[EventType "swiss"]
[EventRounds "9"]
[EventCountry "NED"]
[SourceTitle "Mega2024 Update 01"]
[Source "Chessbase"]
[SourceDate "2023.11.12"]
[SourceVersion "1"]
[SourceVersionDate "2023.11.12"]
[SourceQuality "1"]

1. e4 c6 2. d4 d5 3. e5 c5 4. dxc5 e6 5. a3 Bxc5 6. b4 Be7 7. Qg4 g6 8. Bd3 a5 9. b5 Nd7 10. Nf3 Qc7 11. Bb2 h5 12. Qf4 Nh6 13. Nbd2 Nc5 14. Be2 b6 15. 0-0 Bb7 16. c4 Nf5 17. h4 Nxh4 18. Nxh4 g5 19. Qe3 gxh4 20. Rac1 0-0-0 21. Bf3 Rhg8 22. cxd5 Bg5 23. Qe2 Bxd2 24. Qxd2 Bxd5 25. Qe3 Bxf3 26. Qxf3 Qb7 27. Rc3 Rd3 28. Qxb7+ Kxb7 29. Rc4 Rg4 30. Rfc1 Rd2 31. R1c2 Rxc2 32. Rxc2 Re4 33. Rd2 Kc7 34. f3 Re3 35. Kh2 Rd3 36. Rxd3 Nxd3 37. Bd4 Nf4 38. Be3 Ng6 39. f4 Ne7 40. a4 Nd5 41. Bd2 Nb4 42. Kh3 Nd3 43. Kxh4 Nc5 44. Kxh5 Nxa4 45. Kh6 Kd7 46. Kg7 Ke8 47. g4 Nc5 48. Be3 Nd7 49. Bd4 a4 50. f5 exf5 51. gxf5 a3 52. e6 fxe6 53. f6 a2 54. f7+ Ke7 55. Be5 Nf8 56. Bf6+ Kd6 57. Kxf8 e5 58. Kg8 a1Q 59. f8Q+ Kd5 60. Qd8+ Kc5 61. Be7+ Kc4 62. Qxb6 Qa8+ 63. Kg7 Qg2+ 64. Kf8 Qf3+ 65. Bf6 Qa8+ 66. Ke7 Qa3+ 67. Kf7 Qh3 68. Qc6+ Kb4 69. Be7+ Kb3 70. Qe6+ 1-0

[Event "Amsterdam Science Park op-A"]
[Site "Amsterdam"]
[Date "2023.07.15"]
[Round "1"]
[White "Riemersma, Liafbern"]
[Black "Hoffman, Ron"]
[Result "1-0"]
[WhiteElo "2440"]
[BlackElo "2025"]
[PlyCount "37"]
[EventDate "2023.07.15"]
[EventType "swiss"]
[EventRounds "9"]
[EventCountry "NED"]
[SourceTitle "CBM 215 Extra"]
[Source "ChessBase"]
[SourceDate "2023.09.30"]
[SourceVersion "1"]
[SourceVersionDate "2023.09.30"]
[SourceQuality "1"]

1. d4 Nf6 2. c4 g6 3. Nc3 Bg7 4. e4 d6 5. Nf3 0-0 6. Be2 e5 7. 0-0 Nc6 8. d5 Ne7 9. b4 a5 10. bxa5 c5 11. a4 Rxa5 12. Ra3 Nh5 13. Re1 Nf4 14. Bf1 h6 15. Nb5 Ra6 16. Nd2 Bd7 17. g3 Nh3+ 18. Bxh3 Bxh3 19. g4 1-0

[Event "Hoogeveen op 25th"]
[Site "Hoogeveen"]
[Date "2022.10.17"]
[Round "3"]
[White "Hoffman, Ron"]
[Black "Janse, Jan Jaap"]
[Result "1-0"]
[WhiteElo "1988"]
[BlackElo "2159"]
[PlyCount "133"]
[EventDate "2022.10.15"]
[EventType "swiss"]
[EventRounds "9"]
[EventCountry "NED"]
[SourceTitle "CBM 210 Extra"]
[Source "ChessBase"]
[SourceDate "2022.11.30"]
[SourceVersion "1"]
[SourceVersionDate "2022.11.30"]
[SourceQuality "1"]

1. d4 d5 2. Bf4 c5 3. e4 Nc6 4. exd5 Qxd5 5. Nc3 Qxd4 6. Nd5 e5 7. Nc7+ Kd8 8. Nxa8 exf4 9. Nf3 Qxd1+ 10. Rxd1+ Bd7 11. Bb5 Nf6 12. Bxc6 bxc6 13. Ne5 Kc8 14. Nxf7 Rg8 15. Ne5 Be8 16. 0-0 Kb7 17. Rfe1 Bh5 18. Rd8 Be7 19. Rxg8 Nxg8 20. Nc4 Kxa8 21. Na5 Be8 22. h4 Bd7 23. Re4 Bd6 24. Nc4 Bc7 25. f3 Kb7 26. c3 Kc8 27. Nd2 Kd8 28. Ra4 a5 29. Nc4 Ne7 30. Nxa5 Nf5 31. Nb7+ Ke7 32. Re4+ Kf6 33. Nxc5 Bc8 34. b4 Nxh4 35. a4 Bf5 36. Re8 Ng6 37. a5 Ne7 38. a6 Bb6 39. Rb8 Nc8 40. Kh2 g5 41. Ne4+ Ke5 42. c4 Ba7 43. Ra8 g4 44. c5 Kd5 45. Nd6 Nxd6 46. cxd6 g3+ 47. Kh1 Be3 48. a7 Bd7 49. Rd8 Bxa7 50. Rxd7 Bb8 51. Rxh7 Bxd6 52. Rd7 Ke5 53. Rb7 Kd5 54. Kg1 Kc4 55. Rb6 Bxb4 56. Rxc6+ Kd3 57. Kf1 Bc3 58. Rc8 Ba5 59. Rf8 Bd2 60. Re8 Bc3 61. Re4 Bd2 62. Ra4 Bc1 63. Ke1 Ke3 64. Kd1 Bb2 65. Re4+ Kd3 66. Rxf4 Bd4 67. Rxd4+ 1-0

[Event "Vlissingen HZ op 24th"]
[Site "Vlissingen"]
[Date "2022.08.10"]
[Round "6"]
[White "Hoffman, Ron"]
[Black "Wilgenhof, Otto"]
[Result "1/2-1/2"]
[WhiteElo "1999"]
[BlackElo "2170"]
[PlyCount "64"]
[EventDate "2022.08.06"]
[EventType "swiss"]
[EventRounds "9"]
[EventCountry "NED"]
[SourceTitle "CBM 209 Extra"]
[Source "ChessBase"]
[SourceDate "2022.09.30"]
[SourceVersion "1"]
[SourceVersionDate "2022.09.30"]
[SourceQuality "1"]

1. d4 Nf6 2. Bf4 c5 3. e3 cxd4 4. exd4 d5 5. c3 Bf5 6. Qb3 Qc8 7. Nf3 e6 8. Nbd2 Be7 9. Be2 0-0 10. 0-0 Nc6 11. Ne5 a6 12. a4 Na5 13. Qd1 b5 14. b4 Nc4 15. Nexc4 dxc4 16. Bf3 Nd5 17. Bxd5 exd5 18. Re1 Re8 19. Qf3 a5 20. Qxd5 axb4 21. axb5 Rxa1 22. Rxa1 bxc3 23. Nf3 Bf6 24. Ne5 Rd8 25. Qxf7+ Kh8 26. Nc6 Rd7 27. Qxc4 c2 28. Be5 Bxe5 29. Nxe5 Rxd4 30. Nf7+ Kg8 31. Nh6+ Kh8 32. Nf7+ Kg8 1/2-1/2

[Event "Hoogeveen op 24th"]
[Site "Hoogeveen"]
[Date "2021.10.19"]
[Round "5"]
[White "Binnendijk, Ferdinand"]
[Black "Hoffman, Ron"]
[Result "1/2-1/2"]
[WhiteElo "2142"]
[BlackElo "1977"]
[PlyCount "81"]
[EventDate "2021.10.15"]
[EventType "swiss"]
[EventRounds "9"]
[EventCountry "NED"]
[SourceTitle "CBM 204 Extra"]
[Source "ChessBase"]
[SourceDate "2021.11.30"]
[SourceVersion "1"]
[SourceVersionDate "2021.11.30"]
[SourceQuality "1"]

1. d4 Nf6 2. c4 g6 3. g3 Bg7 4. Bg2 0-0 5. Nc3 d6 6. Nf3 Nc6 7. 0-0 e5 8. d5 Nb8 9. Ne1 a5 10. Rb1 Nh5 11. e4 Qe8 12. Nd3 f5 13. f4 exf4 14. Nxf4 Nxf4 15. Bxf4 Na6 16. Qd2 Bd7 17. Rbe1 Qd8 18. Bg5 Bf6 19. Bh6 Bg7 20. Bxg7 Kxg7 21. Bh3 Qf6 22. exf5 gxf5 23. Ne4 Qg6 24. Ng5 Rae8 25. Qf4 Nc5 26. Qd4+ Kg8 27. Nf3 Re4 28. Rxe4 fxe4 29. Bxd7 Rxf3 30. Rxf3 exf3 31. Qg4 Nxd7 32. Qxd7 Qb1+ 33. Kf2 Qxb2+ 34. Kxf3 Qc3+ 35. Kg2 Qxc4 36. Qd8+ Kg7 37. Qg5+ Kf7 38. Qf5+ Kg7 39. Qg5+ Kf7 40. Qf5+ Kg7 41. Qg5+ 1/2-1/2

[Event "Hoogeveen op 23rd"]
[Site "Hoogeveen"]
[Date "2019.10.21"]
[Round "4"]
[White "Elgersma, Simon"]
[Black "Hoffman, Ron"]
[Result "1-0"]
[WhiteElo "2111"]
[BlackElo "1991"]
[PlyCount "81"]
[EventDate "2019.10.19"]
[EventType "swiss"]
[EventRounds "9"]
[EventCountry "NED"]
[SourceTitle "CBM 192 Extra"]
[Source "Chessbase"]
[SourceDate "2019.11.06"]
[SourceVersion "1"]
[SourceVersionDate "2019.11.06"]
[SourceQuality "1"]

1. e4 c5 2. Nf3 Nc6 3. Bb5 g6 4. 0-0 Bg7 5. Re1 e5 6. Bxc6 dxc6 7. d3 Qe7 8. a3 Nf6 9. Nbd2 Nd7 10. b4 Nf8 11. Nc4 f6 12. bxc5 Qxc5 13. a4 Qe7 14. Ba3 c5 15. d4 Ne6 16. dxc5 0-0 17. c6 Qc7 18. Bxf8 Bxf8 19. Qd5 bxc6 20. Qd2 Ba6 21. Qc3 Rb8 22. Rab1 Rd8 23. Red1 Be7 24. Rxd8+ Qxd8 25. Na5 Bc5 26. Nb3 Qb6 27. Qe1 Nf4 28. a5 Qb4 29. Qxb4 Bxb4 30. Nc1 Bc5 31. Ne1 Bd4 32. Ned3 Nxd3 33. Nxd3 Kf7 34. Rb8 Ke6 35. Nb4 Bb5 36. c4 Bxc4 37. Nxc6 Bc3 38. Rc8 Kd7 39. Nxa7 Bd4 40. Rxc4 Bxa7 41. Kf1 1-0

[Event "Vlissingen HZ op 23rd"]
[Site "Vlissingen"]
[Date "2019.08.04"]
[Round "2"]
[White "Hamelink, Joost"]
[Black "Hoffman, Ron"]
[Result "0-1"]
[WhiteElo "1645"]
[BlackElo "1987"]
[PlyCount "89"]
[EventDate "2019.08.03"]
[EventType "swiss"]
[EventRounds "9"]
[EventCountry "NED"]
[SourceTitle "CBM 191 Extra"]
[Source "ChessBase"]
[SourceDate "2019.09.30"]
[SourceVersion "1"]
[SourceVersionDate "2019.09.30"]
[SourceQuality "1"]

1. d4 Nf6 2. Nf3 g6 3. c4 Bg7 4. Nc3 0-0 5. Bg5 d6 6. e3 h6 7. Bh4 c5 8. Be2 Bf5 9. Bxf6 Bxf6 10. e4 Bg4 11. e5 Bg7 12. h3 cxd4 13. Qxd4 Bf5 14. g4 Nc6 15. Qd2 Be6 16. exd6 exd6 17. 0-0 Qa5 18. a3 Rac8 19. b4 Qb6 20. Rfd1 Ne7 21. Rac1 Rfd8 22. Na4 Qa6 23. Qc2 b5 24. Nc5 dxc5 25. Rxd8+ Rxd8 26. cxb5 Qxa3 27. bxc5 Bb3 28. Qb1 Bb2 29. Re1 Ba2 30. Qc2 Qc3 31. Qxc3 Bxc3 32. Rc1 Bf6 33. b6 axb6 34. cxb6 Rb8 35. Bc4 Bxc4 36. Rxc4 Rxb6 37. Rc2 Nd5 38. Kg2 Rb3 39. Ng1 Nf4+ 40. Kh2 Be5 41. f3 Rb1 42. Ra2 Ne2+ 43. Kg2 Rb8 44. Kf2 Bd4+ 45. Kxe2 0-1

[Event "Hoogeveen op 22nd"]
[Site "Hoogeveen"]
[Date "2018.10.23"]
[Round "5"]
[White "Kutchoukov, Daniel"]
[Black "Hoffman, Ron"]
[Result "1/2-1/2"]
[WhiteElo "1882"]
[BlackElo "2060"]
[PlyCount "82"]
[EventDate "2018.10.20"]
[EventType "swiss"]
[EventRounds "9"]
[EventCountry "NED"]
[SourceTitle "CBM 187 Extra"]
[Source "ChessBase"]
[SourceDate "2018.11.04"]
[SourceVersion "1"]
[SourceVersionDate "2018.11.04"]
[SourceQuality "1"]

1. e4 Nc6 2. Nf3 d6 3. d4 Nf6 4. d5 Nb8 5. Bd3 g6 6. c4 Bg7 7. Nc3 0-0 8. h3 a5 9. Be3 Na6 10. 0-0 Nc5 11. Bxc5 dxc5 12. e5 Ne8 13. Qe2 e6 14. Rad1 Qe7 15. Rfe1 b6 16. Nd2 Bb7 17. f4 Qh4 18. Qe3 Bh6 19. g3 Qe7 20. Nf3 Rd8 21. Be4 Ba8 22. g4 Bg7 23. Kf2 f6 24. dxe6 Rxd1 25. Rxd1 Bxe4 26. Qxe4 fxe5 27. Nxe5 Qxe6 28. Nd3 Qxe4 29. Nxe4 Nf6 30. Ng5 Rd8 31. Ne6 Rd7 32. Nxg7 Kxg7 33. Ke2 Rd4 34. b3 Ne4 35. Rc1 Kf6 36. Rc2 h5 37. Ke3 Nd6 38. Ne5 g5 39. Nd3 hxg4 40. hxg4 Re4+ 41. Kf3 Rd4 1/2-1/2

[Event "Vlissingen HZ op 22nd"]
[Site "Vlissingen"]
[Date "2018.08.05"]
[Round "3"]
[White "Verhoeff, Timardi"]
[Black "Hoffman, Ron"]
[Result "1/2-1/2"]
[WhiteElo "1833"]
[BlackElo "2041"]
[PlyCount "49"]
[EventDate "2018.08.04"]
[EventType "swiss"]
[EventRounds "9"]
[EventCountry "NED"]
[SourceTitle "CBM 185 Extra"]
[Source "ChessBase"]
[SourceDate "2018.07.29"]
[SourceVersion "1"]
[SourceVersionDate "2018.07.29"]
[SourceQuality "1"]

1. c4 g6 2. g3 Bg7 3. Bg2 d6 4. Nc3 Nf6 5. e4 0-0 6. Nge2 c5 7. d3 Nc6 8. h3 Ne8 9. 0-0 Nc7 10. Be3 Nd4 11. f4 e6 12. a3 Rb8 13. Rb1 Bd7 14. b4 b6 15. b5 Qe7 16. Kh2 Kh8 17. Qd2 f5 18. Bg1 Rfe8 19. Rfe1 Qf7 20. exf5 gxf5 21. Nxd4 cxd4 22. Na2 a5 23. bxa6 Nxa6 24. Nb4 Nxb4 25. Rxb4 1/2-1/2

[Event "Hoogeveen op 21st"]
[Site "Hoogeveen"]
[Date "2017.10.27"]
[Round "8"]
[White "Hoffman, Ron"]
[Black "Van Dael, Siem"]
[Result "1/2-1/2"]
[WhiteElo "2038"]
[BlackElo "2286"]
[PlyCount "89"]
[EventDate "2017.10.21"]
[EventType "swiss"]
[EventRounds "9"]
[EventCountry "NED"]
[SourceTitle "CBM 181 Extra"]
[Source "ChessBase"]
[SourceDate "2017.12.12"]
[SourceVersion "1"]
[SourceVersionDate "2017.12.12"]
[SourceQuality "1"]

1. d4 Nf6 2. Bf4 g6 3. e3 Bg7 4. Nf3 d6 5. Be2 0-0 6. 0-0 Nfd7 7. h3 e5 8. Bh2 Nc6 9. c4 f5 10. Nc3 Kh8 11. Rb1 a5 12. a3 b6 13. b4 axb4 14. axb4 exd4 15. exd4 Bb7 16. c5 dxc5 17. bxc5 f4 18. Nb5 Ba6 19. Qc1 Bxb5 20. Bxb5 Nxd4 21. Nxd4 Bxd4 22. cxb6 Nxb6 23. Bxf4 Nd5 24. Bg5 Qd6 25. Qc6 Qe5 26. Bh6 Ne7 27. Qd7 Rfd8 28. Qg4 Nf5 29. Bf4 Qc5 30. Rfc1 Bxf2+ 31. Kh1 Qd4 32. Bxc7 Rdc8 33. Qxd4+ Bxd4 34. g4 Ng7 35. Bd7 Rf8 36. Rf1 Rxf1+ 37. Rxf1 h5 38. Rf4 Ra1+ 39. Kg2 Ra2+ 40. Kf3 Ra3+ 41. Ke4 Bb2 42. Rf2 Ra7 43. Rc2 Bf6 44. Kd5 Bd8 45. Kd6 1/2-1/2

[Event "Hoogeveen op 21st"]
[Site "Hoogeveen"]
[Date "2017.10.23"]
[Round "4"]
[White "Hoffman, Ron"]
[Black "Pham, Khoi"]
[Result "1-0"]
[WhiteElo "2038"]
[BlackElo "1859"]
[PlyCount "73"]
[EventDate "2017.10.21"]
[EventType "swiss"]
[EventRounds "9"]
[EventCountry "NED"]
[SourceTitle "CBM 181 Extra"]
[Source "ChessBase"]
[SourceDate "2017.12.12"]
[SourceVersion "1"]
[SourceVersionDate "2017.12.12"]
[SourceQuality "1"]

1. d4 Nf6 2. Bf4 d6 3. e3 g6 4. Nf3 Bg7 5. Be2 0-0 6. 0-0 Nfd7 7. c4 e5 8. Bg3 Nc6 9. Nc3 f5 10. dxe5 dxe5 11. Qd5+ Kh8 12. Rfd1 Qe7 13. Qd2 Nc5 14. Bh4 Qf7 15. Ng5 Qg8 16. Qd5 Ne6 17. h3 h6 18. Nxe6 Bxe6 19. Qb5 Rab8 20. Bg3 a6 21. Qa4 f4 22. Bh2 Ne7 23. Rac1 fxe3 24. fxe3 Nf5 25. Nd5 c6 26. Nc7 Nxe3 27. Nxe6 Qxe6 28. Re1 Rbd8 29. Qb3 e4 30. Kh1 Bd4 31. Qxb7 Nxg2 32. Bg4 Qf6 33. Rf1 Qh4 34. Qc7 Rfe8 35. Rf7 Bg7 36. Rxg7 Qf6 37. Rf7 1-0

[Event "Hoogeveen op 21st"]
[Site "Hoogeveen"]
[Date "2017.10.21"]
[Round "1"]
[White "Hoffman, Ron"]
[Black "De Jong, Migchiel"]
[Result "1/2-1/2"]
[WhiteElo "2038"]
[BlackElo "2352"]
[PlyCount "159"]
[EventDate "2017.10.21"]
[EventType "swiss"]
[EventRounds "9"]
[EventCountry "NED"]
[SourceTitle "CBM 181 Extra"]
[Source "ChessBase"]
[SourceDate "2017.12.12"]
[SourceVersion "1"]
[SourceVersionDate "2017.12.12"]
[SourceQuality "1"]

1. d4 Nf6 2. Bf4 c5 3. e3 e6 4. Nd2 Be7 5. Ngf3 Nh5 6. Bg3 cxd4 7. exd4 d6 8. Bd3 Nd7 9. Nc4 Nxg3 10. hxg3 Nf6 11. Qe2 Bd7 12. 0-0-0 Bc6 13. Kb1 b5 14. Ne3 a6 15. g4 Qa5 16. Nd2 Qb6 17. g5 Nd5 18. Nxd5 Bxd5 19. Qe3 0-0-0 20. Be4 Qb7 21. f4 h6 22. gxh6 gxh6 23. Rh5 f5 24. Bxd5 Qxd5 25. Re1 Kd7 26. g4 Bf6 27. gxf5 exf5 28. Reh1 Rde8 29. Qd3 Qxd4 30. Qxd4 Bxd4 31. Rxf5 Be3 32. Nb3 Re4 33. Rf7+ Ke6 34. Rg7 Bxf4 35. c3 Be5 36. Rg6+ Kd5 37. Rgxh6 Rxh6 38. Rxh6 Re1+ 39. Kc2 Re2+ 40. Kb1 b4 41. Rh3 bxc3 42. bxc3 Kc4 43. Na5+ Kb5 44. Nb3 Ka4 45. Rd3 Ka3 46. Nd2 Re1+ 47. Kc2 Kxa2 48. Rd5 Bxc3 49. Kxc3 Rc1+ 50. Kb4 Rc5 51. Rxd6 Rb5+ 52. Kc4 Kb2 53. Rxa6 Rb8 54. Ne4 Rc8+ 55. Nc5 Kc2 56. Ra2+ Kd1 57. Kd4 Ke1 58. Ke3 Kf1 59. Ne4 Rf8 60. Ng3+ Kg1 61. Ne2+ Kf1 62. Ra1+ Kg2 63. Rg1+ Kh2 64. Rg5 Kh3 65. Rg1 Ra8 66. Rg7 Kh4 67. Nd4 Kh5 68. Ke4 Ra4 69. Kf5 Ra5+ 70. Kf6 Kh4 71. Nf3+ Kh3 72. Ne5 Ra3 73. Kf5 Rg3 74. Ng6 Kg2 75. Ra7 Rb3 76. Ra2+ Kf3 77. Ne5+ Ke3 78. Ng4+ Kd4 79. Rd2+ Rd3 80. Rxd3+ 1/2-1/2

[Event "Vlissingen HZ op 21st"]
[Site "Vlissingen"]
[Date "2017.08.12"]
[Round "9"]
[White "Hoffman, Ron"]
[Black "Amdouni, Zoubaier"]
[Result "1/2-1/2"]
[WhiteElo "2043"]
[BlackElo "2299"]
[PlyCount "82"]
[EventDate "2017.08.05"]
[EventType "swiss"]
[EventRounds "9"]
[EventCountry "NED"]
[SourceTitle "CBM 179 Extra"]
[Source "ChessBase"]
[SourceDate "2017.08.23"]
[SourceVersion "1"]
[SourceVersionDate "2017.08.23"]
[SourceQuality "1"]

1. d4 e6 2. Bf4 b6 3. e3 Bb7 4. Nf3 f5 5. Bd3 Nf6 6. Nbd2 c5 7. c3 Be7 8. h3 Ne4 9. Qc2 d5 10. Bxb8 Qxb8 11. Qa4+ Kf8 12. Ne5 Qc7 13. Bxe4 fxe4 14. 0-0 Bf6 15. f3 Bxe5 16. dxe5 Kg8 17. fxe4 Bc6 18. Qc2 Qxe5 19. Rf4 dxe4 20. Raf1 h5 21. b3 Rh6 22. Nc4 Qd5 23. Rd1 Qg5 24. Qf2 Bd5 25. h4 Qe7 26. Ne5 Qc7 27. Nf7 Rf6 28. Ng5 Raf8 29. g3 c4 30. Qe2 g6 31. b4 a5 32. a3 axb4 33. axb4 Qe5 34. Qd2 Rxf4 35. exf4 Qf5 36. Qe3 Qg4 37. Ra1 e5 38. fxe5 Qf5 39. e6 Bxe6 40. Re1 Bd5 41. Qxb6 e3 1/2-1/2

[Event "Vlissingen HZ op 21st"]
[Site "Vlissingen"]
[Date "2017.08.10"]
[Round "7"]
[White "Hoffman, Ron"]
[Black "Koedijk, Klaas Jan"]
[Result "1-0"]
[WhiteElo "2043"]
[BlackElo "1490"]
[PlyCount "25"]
[EventDate "2017.08.05"]
[EventType "swiss"]
[EventRounds "9"]
[EventCountry "NED"]
[SourceTitle "CBM 179 Extra"]
[Source "ChessBase"]
[SourceDate "2017.08.23"]
[SourceVersion "1"]
[SourceVersionDate "2017.08.23"]
[SourceQuality "1"]

1. d4 Nf6 2. Bf4 e6 3. e3 c5 4. c3 d5 5. Nd2 Be7 6. Bd3 b6 7. h3 0-0 8. Ngf3 Ba6 9. Bxa6 Nxa6 10. Qa4 Nc7 11. Ne5 Bd6 12. Qc6 Qe8 13. Qxd6 1-0

[Event "Vlissingen HZ op 21st"]
[Site "Vlissingen"]
[Date "2017.08.08"]
[Round "5"]
[White "Hoffman, Ron"]
[Black "Zwirs, Nico"]
[Result "0-1"]
[WhiteElo "2043"]
[BlackElo "2399"]
[PlyCount "60"]
[EventDate "2017.08.05"]
[EventType "swiss"]
[EventRounds "9"]
[EventCountry "NED"]
[SourceTitle "CBM 179 Extra"]
[Source "ChessBase"]
[SourceDate "2017.08.23"]
[SourceVersion "1"]
[SourceVersionDate "2017.08.23"]
[SourceQuality "1"]

1. d4 Nf6 2. Bf4 g6 3. Nc3 Bg7 4. e4 d5 5. e5 Ne4 6. Bd3 Nxc3 7. bxc3 c5 8. Nf3 Qa5 9. dxc5 Qxc3+ 10. Bd2 Qxc5 11. Rb1 a6 12. 0-0 0-0 13. Re1 Qc7 14. Qe2 Nc6 15. h3 b5 16. a4 bxa4 17. Ra1 Bd7 18. Bxa6 Rfb8 19. Ra3 Nb4 20. Bd3 Nxd3 21. Qxd3 Bf5 22. Qxd5 Qxc2 23. e6 Bxe6 24. Rxe6 fxe6 25. Qxe6+ Kh8 26. Ne5 Rf8 27. Rd3 a3 28. Bc3 a2 29. Kh2 Qxc3 30. Rxc3 a1Q 0-1

[Event "Vlissingen HZ op 20th"]
[Site "Vlissingen"]
[Date "2016.08.10"]
[Round "6"]
[White "Amdouni, Zoubaier"]
[Black "Hoffman, Ron"]
[Result "1-0"]
[WhiteElo "2306"]
[BlackElo "2081"]
[PlyCount "55"]
[EventDate "2016.08.06"]
[EventType "swiss"]
[EventRounds "9"]
[EventCountry "NED"]
[SourceTitle "CBM 173 Extra"]
[Source "ChessBase"]
[SourceDate "2016.08.29"]
[SourceVersion "1"]
[SourceVersionDate "2016.08.29"]
[SourceQuality "1"]

1. e4 d6 2. d4 Nf6 3. Nc3 g6 4. Be3 Bg7 5. f3 0-0 6. Qd2 e5 7. Nge2 exd4 8. Nxd4 Nc6 9. 0-0-0 Nxd4 10. Bxd4 Be6 11. Be3 Re8 12. g4 a6 13. h4 b5 14. Bh6 Bxh6 15. Qxh6 b4 16. Ne2 Qe7 17. h5 a5 18. Nf4 Qf8 19. Qg5 Qg7 20. h6 Qh8 21. Bb5 Bd7 22. Bxd7 Nxd7 23. Nd5 Ra7 24. f4 f6 25. Qh4 Kf7 26. g5 fxg5 27. fxg5 Qe5 28. Qf2+ 1-0

[Event "Vlissingen HZ op 20th"]
[Site "Vlissingen"]
[Date "2016.08.08"]
[Round "4"]
[White "Van Delft, Merijn"]
[Black "Hoffman, Ron"]
[Result "1-0"]
[WhiteElo "2391"]
[BlackElo "2081"]
[PlyCount "39"]
[EventDate "2016.08.06"]
[EventType "swiss"]
[EventRounds "9"]
[EventCountry "NED"]
[SourceTitle "CBM 173 Extra"]
[Source "ChessBase"]
[SourceDate "2016.08.29"]
[SourceVersion "1"]
[SourceVersionDate "2016.08.29"]
[SourceQuality "1"]

1. e4 d6 2. d4 Nf6 3. Nc3 g6 4. Be3 a6 5. Qd2 b5 6. f3 Nbd7 7. 0-0-0 Bb7 8. h4 h5 9. Nh3 Rc8 10. Ng5 c5 11. dxc5 Nxc5 12. e5 b4 13. exf6 bxc3 14. Qxc3 e6 15. Bxc5 Bd5 16. Rxd5 exd5 17. Qe3+ Kd7 18. Bb6 Qxf6 19. Bd4 Qf5 20. Bd3 1-0

[Event "Vlissingen HZ op 19th"]
[Site "Vlissingen"]
[Date "2015.08.07"]
[Round "8"]
[White "Hoffman, Ron"]
[Black "Dehn, Marcus"]
[Result "1-0"]
[WhiteElo "2074"]
[BlackElo "2165"]
[PlyCount "99"]
[EventDate "2015.08.01"]
[EventType "swiss"]
[EventRounds "9"]
[EventCountry "NED"]
[SourceTitle "CBM 167 Extra"]
[Source "ChessBase"]
[SourceDate "2015.09.14"]
[SourceVersion "1"]
[SourceVersionDate "2015.09.14"]
[SourceQuality "1"]

1. d4 Nc6 2. Nf3 d6 3. e4 Bg4 4. Be3 a6 5. Be2 e6 6. d5 Bxf3 7. Bxf3 exd5 8. exd5 Ne5 9. Be2 Be7 10. 0-0 Nf6 11. c4 Qd7 12. h3 Ne4 13. Qc2 Qf5 14. f4 Ng3 15. Qxf5 Nxf5 16. Bf2 Ng6 17. Bd3 Nh6 18. Bd4 Bf6 19. Bxf6 gxf6 20. Nd2 f5 21. Nb3 Ke7 22. g3 Kf6 23. Kf2 Ng8 24. Nd4 N8e7 25. Kf3 c5 26. dxc6 bxc6 27. g4 fxg4+ 28. hxg4 h5 29. g5+ Kg7 30. Rae1 Rae8 31. Rh1 c5 32. Ne2 d5 33. cxd5 Nxd5 34. Be4 Nde7 35. Rc1 Rc8 36. Ng3 h4 37. Nf5+ Nxf5 38. Bxf5 Rb8 39. b3 Rb5 40. Kg4 Ne7 41. Bd3 Ra5 42. Rce1 Nc6 43. a4 Nd4 44. Bc4 f5+ 45. gxf6+ Kxf6 46. Re3 Rh7 47. Re5 Rh6 48. Rh3 Rh7 49. Rg5 Nc2 50. Bd3 1-0

[Event "Hoogeveen Unive op 18th"]
[Site "Hoogeveen"]
[Date "2014.10.11"]
[Round "1"]
[White "Hoffman, Ron"]
[Black "Tondivar, Babak"]
[Result "1/2-1/2"]
[WhiteElo "2086"]
[BlackElo "2288"]
[PlyCount "35"]
[EventDate "2014.10.11"]
[EventType "swiss"]
[EventRounds "9"]
[EventCountry "NED"]
[SourceTitle "EXT 2015"]
[Source "ChessBase"]
[SourceDate "2014.11.20"]
[SourceVersion "1"]
[SourceVersionDate "2014.11.20"]
[SourceQuality "1"]

1. d4 e6 2. c4 d5 3. Nc3 Be7 4. Nf3 Nf6 5. Bf4 0-0 6. e3 Nbd7 7. a3 c5 8. dxc5 Nxc5 9. cxd5 Nxd5 10. Nxd5 exd5 11. Be2 Bf6 12. Be5 Bg4 13. Bxf6 Qxf6 14. Qd4 Qxd4 15. Nxd4 Bxe2 16. Kxe2 Rfd8 17. Rac1 Rac8 18. Rc2 1/2-1/2